|
|
|
|
| LEADER |
00685nam a2200145Ia 4500 |
| 001 |
61191 |
| 008 |
170722s9999 xx 000 0 und d |
| 100 |
|
|
|a Saraswathi Amma, K.
|
| 245 |
|
|
|a Chuvanna pookkal /
|
| 260 |
|
|
|c 1965.
|
| 942 |
|
|
|c GEN
|
| 999 |
|
|
|c 47021
|d 47021
|
| 952 |
|
|
|0 1
|1 0
|4 0
|6 O_3231N192X_J5J51J52_KR
|7 0
|9 66081
|a LIB
|b LIB
|d 2017-08-12
|o O32,31N192x J5-J5;1,J5;2 (KR)
|p 56657
|r 2017-08-12
|w 2017-08-12
|y GEN
|
| 952 |
|
|
|0 1
|1 0
|4 0
|6 O_3231N192X_J5J51J52_KR
|7 0
|9 66082
|a LIB
|b LIB
|d 2017-08-12
|o O32,31N192x J5-J5;1,J5;2 (KR)
|p 118473
|r 2017-08-12
|w 2017-08-12
|y GEN
|
| 952 |
|
|
|0 0
|1 0
|4 0
|6 O_3231N192X_J5J51J52_KR
|7 0
|9 66083
|a LIB
|b LIB
|d 2017-08-12
|o O32,31N192x J5-J5;1,J5;2 (KR)
|p 134780
|r 2017-08-12
|w 2017-08-12
|y GEN
|